Nové trendy v riadení nákladov - Kaizen metóda
Vznik a vývoj metódy Kaizen. Prepojenie Kaizen metódy s metódou cieľových nákladov. Faktory implementácie metódy cieľových nákladov v japonských podnikoch. Princípy a predpoklady implementácie Kaizen metódy. Segmenty Kaizen metódy. Prínosy Kaizen metódy.
Salvato in:
| Autore principale: | |
|---|---|
| Natura: | Capitolo di libro |
| Lingua: | slovacco |
| Soggetti: | |
| Tags: |
Nessun Tag, puoi essere il primo ad aggiungerne!!
|
MARC
| LEADER | 00000naa$a2200000$$$4500 | ||
|---|---|---|---|
| 001 | 0119597 | ||
| 005 | 20240502072331.3 | ||
| 041 | 0 | |a slo | |
| 044 | |a SK | ||
| 245 | 1 | 0 | |a Nové trendy v riadení nákladov - Kaizen metóda |c Pavol Serina |
| 520 | |a Vznik a vývoj metódy Kaizen. Prepojenie Kaizen metódy s metódou cieľových nákladov. Faktory implementácie metódy cieľových nákladov v japonských podnikoch. Princípy a predpoklady implementácie Kaizen metódy. Segmenty Kaizen metódy. Prínosy Kaizen metódy. | ||
| 610 | 2 | 0 | |a náklady |
| 610 | 2 | 0 | |a riadenie |
| 610 | 2 | 0 | |a výroba |
| 610 | 2 | 0 | |a metódy riadenia |
| 610 | 2 | 0 | |a produktivita |
| 610 | 2 | 0 | |a výkonnosť |
| 100 | 1 | |a Serina, Pavol | |